000 00276nam a22001337a 4500
008 170228b xxu||||| |||| 00| 0 eng d
020 _a013113373
041 _aeng
080 _a616.8 006
100 _a6
101 _aSHM
245 _aCANCER
_c MARKER.G.I
942 _2udc
_cBK
999 _c6390
_d6390